Elements of Workshop Technology Vol I (Record no. 50864)
[ view plain ]
| 000 -LEADER | |
|---|---|
| fixed length control field | 00474nam a2200145Ia 4500 |
| 008 - FIXED-LENGTH DATA ELEMENTS--GENERAL INFORMATION | |
| fixed length control field | 220530s9999 xx 000 0 und d |
| 041 ## - LANGUAGE CODE | |
| Language code of text/sound track or separate title | eng |
| 082 ## - DEWEY DECIMAL CLASSIFICATION NUMBER | |
| Classification number | 631.304 |
| Item number | CHO |
| 100 ## - MAIN ENTRY--PERSONAL NAME | |
| Personal name | Choudhury Hajara S K |
| 9 (RLIN) | 55993 |
| 245 ## - TITLE STATEMENT | |
| Title | Elements of Workshop Technology Vol I |
| Remainder of title | Manufacturing Processes |
| 260 ## - PUBLICATION, DISTRIBUTION, ETC. (IMPRINT) | |
| Place of publication, distribution, etc. | Mumbai |
| Name of publisher, distributor, etc. | Media Promoters & Publishers Pvt Ltd |
| Date of publication, distribution, etc. | 2011 |
| 300 ## - PHYSICAL DESCRIPTION | |
| Extent | 670 P |
| Other physical details | PB |
| 700 ## - ADDED ENTRY--PERSONAL NAME | |
| Personal name | Battachary S C Choudhury Hajara A K Roy Nirjhar |
| 9 (RLIN) | 55994 |
| 906 ## - LOCAL DATA ELEMENT F, LDF (RLIN) | |
| a | 50 |
| b | MECH |
| Withdrawn status | Lost status | Damaged status | Not for loan | Collection code | Home library | Current library | Date acquired | Vendor | Cost, normal purchase price | Full call number | Barcode | Date last seen | Cost, replacement price | Bill Date | Koha item type | Original Barcode |
|---|---|---|---|---|---|---|---|---|---|---|---|---|---|---|---|---|
| Mechanical Engineering | Cummins College of Engineering for Women Nagpur | Cummins College of Engineering for Women Nagpur | 05/01/2012 | Dhanwantari Books and Stationers | 250.00 | 631.304/CHO | CEWN-BK-3077 | 30/05/2022 | 200.00 | 30/05/2022 | Books | 003077 |